| 000 | 01892nam a2200445Ii 4500 | ||
|---|---|---|---|
| 001 | DIGFUNB0042 | ||
| 003 | NyNyDIG | ||
| 008 | 140701t20112011sp a ob 000 1 spa d | ||
| 006 | m o d | ||
| 007 | cr ||||||||||| | ||
| 020 | _z9788496601703 | ||
| 020 | _z8496601706 | ||
| 035 | _a(OCoLC)891306004 | ||
| 041 | 1 |
_aspa _hfre |
|
| 040 |
_aDGITA _beng _erda _epn _cDGITA |
||
| 050 | 1 | 4 | _aPQ2392.S65 eBook |
| 100 | 1 |
_aPipelet, _ccitoyenne, _d1767-1845, _eauthor. |
|
| 240 | 1 | 0 |
_aVint-quatre heures d'une femme sensible. _lSpanish |
| 245 | 1 | 0 |
_aVeinticuatro horas en la vida de una mujer sensible / _cConstance de Salm ; traducción de Isabel Lacruz ; postfacio de Laura Freixas. |
| 250 | _aSegunda edición. | ||
| 264 | 1 |
_aMadrid : _bEditorial Funambulista, _coctubre de 2011. |
|
| 264 | 4 | _c©2011 | |
| 300 | _a1 online resource (163 pages). | ||
| 336 |
_atext _btxt _2rdacontent |
||
| 337 |
_acomputer _bc _2rdamedia |
||
| 338 |
_aonline resource _bcr _2rdacarrier |
||
| 490 | 1 | _aLos intempestivos | |
| 500 | _aOriginally published under the title: Vingt-quatre heures d'une femme sensible, ou Une grande leçon par la princesse Constance de S.. Paris : A. Bertrand, 1824. | ||
| 588 | 0 | _aOnline resource; title from ePub and PDF title page (Digitalia, viewed July 5, 2014) | |
| 655 | 0 | _aElectronic books. | |
| 700 | 1 |
_aLacruz Bassols, Isabel, _etranslator. |
|
| 700 | 1 |
_aFreixas, Laura, _d1958- _eauthor of afterword, colophon, etc. |
|
| 791 | 2 |
_aDigitalia (Firm), _edistributor. |
|
| 793 | 0 |
_gDigitalia eBook Collection: _aEditorial Funambulista. |
|
| 776 | 0 | 8 |
_iPrint version: _aPipelet, _ccitoyenne. _tVeinticuatro horas en la vida de una mujer sensible. _dMadrid : Funambulista, 2011 _z9788496601703 |
| 830 | 0 | _aIntempestivos. | |
| 856 | 4 | 0 |
_3Digitalia Hispánica _uhttps://www.digitaliapublishing.com/a/20899/ |
| 910 | _aPremium Collection: 2013 | ||
| 942 | _cRAA | ||
| 999 |
_c237162 _d237162 |
||